| 000 | 00592nam a22001817a 4500 | ||
|---|---|---|---|
| 999 |
_c12455 _d12455 |
||
| 008 | 190125b ||||| |||| 00| 0 eng d | ||
| 020 | _a971-707-013 | ||
| 082 |
_21995 _aDFil.808.8 _bT153 |
||
| 100 |
_aTan, Arsenia B. _97804 |
||
| 245 |
_aIntroduction to literature _cArsenia B. Tan |
||
| 250 | _a3rd Edition | ||
| 260 |
_aManila: _bAcademic Publishing Corporation _c©1995 |
||
| 300 |
_aix, 152 pages ; _c26 cm. |
||
| 500 | _aIncludes index. | ||
| 505 | _aPoetry--Myths,fables,parables,legends--This short story--The drama | ||
| 650 |
_aLiterature _xcollection _935111 |
||
| 942 |
_2ddc _cDFIL |
||